| 000 | 00519nam a2200205Ia 4500 | ||
|---|---|---|---|
| 003 | GCL | ||
| 008 | 140319s9999 xx 000 0 eng d | ||
| 040 |
_aGCL / _cGCL |
||
| 082 | 0 | 4 |
_a794.12 _bC M |
| 100 | 1 | _aMORRISON,CONNIE | |
| 245 | 1 | 0 |
_aMASTER CHESS: A COURSE IN 21 LESSONS / _cMORRISON,CONNIE |
| 700 | 1 | _aKOPEC , D. | |
| 700 | 1 | _aCHANDLER , G. | |
| 700 | 1 | _aDAVIES , N. | |
| 700 | 1 | _aMULLEN , I.D. | |
| 260 |
_a[S.N] : _bPERGAMON PRESS ، _c1985 |
||
| 300 | _a129 P | ||
| 650 | 0 | 4 | _aCHESS |
| 942 |
_2ddc _cBK |
||
| 999 |
_c19959 _d19959 |
||